Metáfora y ver como: la creación de sentido de la metáfora
Guardat en:
| Autor principal: | |
|---|---|
| Format: | Llibre |
| Idioma: | espanyol |
| Publicat: |
Manizales
Universidad de Caldas
2006
|
| Col·lecció: | Artes y Humanidades
|
| Matèries: | |
| Etiquetes: |
Afegir etiqueta
Sense etiquetes, Sigues el primer a etiquetar aquest registre!
|
MARC
| LEADER | 00000cam a2200000 a 4500 | ||
|---|---|---|---|
| 001 | UCF4402 | ||
| 003 | CL-VaPUC | ||
| 008 | 121206e20060000CK |||||||||||||||||spa|d | ||
| 020 | |a 9789588231952 | ||
| 082 | 0 | 4 | |a 801.92 |b BET |2 21 |
| 100 | 0 | |a Betancur García, Marta Cecilia |e author |9 565952 | |
| 245 | 1 | 0 | |a Metáfora y ver como: la creación de sentido de la metáfora |
| 300 | |a 261 p | ||
| 942 | |c BK | ||
| 945 | |d 20121206 00:00:00 |a dcastane | ||
| 260 | |a Manizales |b Universidad de Caldas |c 2006 | ||
| 650 | 0 | |a Lingüística |9 265068 | |
| 650 | 0 | |a Filosofía del lenguaje |9 257082 | |
| 650 | 0 | |a Psicolingüística |9 283371 | |
| 650 | 7 | |a METAFORA |2 CL-VaPUC |9 331834 | |
| 583 | |a last modification |c 20121206 10:49:00 |k Rodrigo Vera | ||
| 490 | 0 | |a Artes y Humanidades | |
| 999 | |c 350209 |d 350207 | ||
| 952 | |0 0 |1 0 |4 0 |6 801_920000000000000_BET_2006 |7 0 |8 A |9 453430 |a BIBEDU |b BIBEDU |d 2019-11-22 |i 4931572 |o 801.92 BET 2006 |p 4931572 |r 2019-11-22 |w 2019-11-22 |y BK |k FIL | ||